000 00818nab a2200253 u 4500
001 15698
003 HDC
007 cr bn ---aaaaa
008 210219c mydr|noo 0 a may d
040 _aHDC
100 _aFaiza Zainudin
_eauthor
_98622
245 0 _a5 dikompaun dalam 'Ops Perut Ayam' /
_cby Faiza Zainudin
260 _aMalaysia :
_bBerita Harian,
_c2002
336 _atext
_2rdacontent
337 _acomputer
_2rdamedia
338 _aonline resource
_2rdacarrier
650 _aconsumers
_95316
650 _aillegal business
_914045
710 _aBerita Harian
856 _zRequest full-text at [email protected]
942 _2lcc
942 _cNEWS
942 _kNSWO 008302
999 _c13014
_d13014